000 00337nam a2200133Ia 4500
008 190723s9999 xx 000 0 und d
020 _a978-0-521-69308-0
100 _aCambridge University Press
245 0 _aCambridge IELTS
250 _a11 V
260 _aCambridge
_bCambridge university Press
_c2016
300 _a144:p
942 _cBK
999 _c2012
_d2012